| 000 | 00603cam a22002171 4500 | ||
|---|---|---|---|
| 001 | f 01000830 | ||
| 003 | DLC | ||
| 005 | 20260227111238.0 | ||
| 008 | 770401s1898 fr 000 1 fre | ||
| 010 | _af 01000830 | ||
| 035 | _a(OCoLC)2853580 | ||
| 040 |
_aDLC _cCtW _dOCoLC _dDLC |
||
| 042 | _apremarc | ||
| 050 | 0 | 0 |
_aPQ2199 _b.D8 1898 |
| 100 | 1 |
_aBourget, Paul, _d1852-1935. |
|
| 245 | 1 | 3 | _aLa duchesse bleue. |
| 260 |
_aParis, _bA. Lemerre, _c1898. |
||
| 300 |
_a2 p. l., viii, 359, [1] p. _c19 cm. |
||
| 500 | _aAt head of title: Paul Bourget. | ||
| 500 | _aOn cover: Trente-cinquième mille. | ||
| 999 |
_c22485 _d22485 |
||